Instituciones de derecho civil chileno
Saved in:
| Hovedforfatter: | |
|---|---|
| Format: | Bog |
| Sprog: | spansk |
| Udgivet: |
Santiago
Ercilla
1893
|
| Udgivelse: | 2a. ed |
| Fag: | |
| Tags: |
Tilføj Tag
Ingen Tags, Vær først til at tagge denne postø!
|
MARC
| LEADER | 00000nam a2200000 a 4500 | ||
|---|---|---|---|
| 001 | UCS1779 | ||
| 003 | CL-VaPUC | ||
| 008 | 970515e18930000CL |||||||||||||||||spa|d | ||
| 082 | 0 | 4 | |a 346.83 |b FAB |2 21 |
| 100 | |a Fabres Fernández, José Clemente |e author |9 392383 | ||
| 245 | 1 | 0 | |a Instituciones de derecho civil chileno |
| 250 | |a 2a. ed | ||
| 300 | |a 2 v | ||
| 942 | |c BK | ||
| 945 | |d 19970515 00:00:00 |a paguirre | ||
| 260 | |a Santiago |b Ercilla |c 1893 | ||
| 650 | 0 | |a Derecho civil |9 255013 | |
| 650 | 7 | |a LEY |2 CL-VaPUC |9 386561 | |
| 650 | 7 | |a DOMICILIO |2 CL-VaPUC |9 371886 | |
| 650 | 7 | |a PERSONA |2 CL-VaPUC |9 327934 | |
| 650 | 0 | |a Personas jurídicas |9 257259 | |
| 650 | 7 | |a MATRIMONIO |2 CL-VaPUC |9 386562 | |
| 650 | 0 | |a Derecho de familia |9 255603 | |
| 650 | 0 | |a Filiación |9 256647 | |
| 650 | 0 | |a Patria potestad |9 369365 | |
| 650 | 0 | |a Bienes |9 255749 | |
| 650 | 7 | |a SERVIDUMBRES |2 CL-VaPUC |9 256762 | |
| 650 | 0 | |a Derecho sucesorio |9 255015 | |
| 651 | 7 | |a CHILE |2 CL-VaPUC |9 386563 | |
| 583 | |a last modification |c 19970515 00:00:00 |k Rodrigo Vera | ||
| 999 | |c 259811 |d 259809 | ||
| 952 | |0 0 |1 0 |2 ddc |4 0 |5 1 |6 346_830000000000000_FAB_1893 |7 1 |8 C_LRYV |9 285228 |a FDOBRV |b BIBDER |d 2019-11-19 |h v.1 |i 1847473 |o 346.83 FAB 1893 |p 1847473 |r 2023-01-25 |w 2019-11-19 |y BK_X |k BRV | ||
| 952 | |0 0 |1 0 |2 ddc |4 0 |5 1 |6 346_830000000000000_FAB_1893 |7 1 |8 C_LRYV |9 285229 |a FDOBRV |b BIBDER |d 2019-11-19 |h v.2 |i 1847481 |o 346.83 FAB 1893 |p 1847481 |r 2023-01-25 |w 2019-11-19 |y BK_X |k BRV | ||
| 952 | |0 0 |1 0 |2 ddc |4 0 |5 1 |6 346_830000000000000_FAB_1893 |7 1 |8 C_LRYV |9 285230 |a FDOBRV |b BIBDER |d 2019-11-19 |h v.1 |i 189241K |o 346.83 FAB 1893 |p 189241K |r 2023-01-25 |w 2019-11-19 |x Ubicación 4to Piso |y BK_X |z Estos recursos deben solicitarse con anticipación |k BRV | ||
| 952 | |0 0 |1 0 |4 0 |6 346_830000000000000_FAB_1893 |7 0 |8 X |9 285231 |a BIBDER |b BIBDER |d 2019-11-19 |h v.2 |i 1951793 |o 346.83 FAB 1893 |p 1951793 |r 2023-01-25 |w 2019-11-19 |y BK_X |k DER | ||